000
00343nam a2200133Ia 4500
003
GCL
008
140319s9999 xx 000 0 ara d
040
_a
GCL /
_c
GCL
082
0
4
_a
274.8842
_b
ار
245
1
0
_a
رجال الكتاب المقدس 2ج
260
_a
[S.N] :
_b
دار الثقافة المسيحية
300
_a
585 ص
490
_a
999
_c
54069
_d
54069